AN INTRODUTION TO NIGHANTU OF AYURVEDA (Record no. 7844)

MARC details
000 -LEADER
fixed length control field 00332nam a2200133Ia 4500
082 ## - DEWEY DECIMAL CLASSIFICATION NUMBER
Classification number 615.53
Item number I 09 L
100 ## - MAIN ENTRY--PERSONAL NAME
Personal name LUWS,D S.
245 ## - TITLE STATEMENT
Title AN INTRODUTION TO NIGHANTU OF AYURVEDA
250 ## - EDITION STATEMENT
Edition statement 1 ST
260 ## - PUBLICATION, DISTRIBUTION, ETC. (IMPRINT)
Name of publisher, distributor, etc CHAUKHAMBHA PUB. NEW DELHI
Year of Publication 2009
300 ## - PAGE DESCRIPTION
No. of Pages 255
942 ## - ADDED ENTRY ELEMENTS (KOHA)
Source of classification or shelving scheme Dewey Decimal Classification
Koha item type Books
Holdings
Withdrawn status Lost status Source of classification or shelving scheme Damaged status Not for loan Collection code Home library Current library Date acquired Vendor Name Cost, normal purchase price SGTU Bill Number Total Checkouts Full call number Accession No. (Barcode) Date last seen Date last borrowed Bill Date Koha item type
    Dewey Decimal Classification     AYURVEDA SGT FA-FP Library SGT FA-FP Library 14/09/2015 CHAUKHAMBHA PUB. NEW DELHI 250.00 SGTU CP/B/788 2 615.53 I 09 L FA1371 16/07/2021 01/04/2021 28/01/2015 Books
    Dewey Decimal Classification     AYURVEDA SGT FA-FP Library SGT FA-FP Library 14/09/2015 CHAUKHAMBHA PUB. NEW DELHI 250.00 SGTU CP/B/788   615.53 I 09 L FA1372 14/09/2015   28/01/2015 Books
    Dewey Decimal Classification     AYURVEDA SGT FA-FP Library SGT FA-FP Library 14/09/2015 CHAUKHAMBHA PUB. NEW DELHI 250.00 SGTU CP/B/788   615.53 I 09 L FA1373 03/04/2021   28/01/2015 Books
    Dewey Decimal Classification     AYURVEDA SGT FA-FP Library SGT FA-FP Library 14/09/2015 CHAUKHAMBHA PUB. NEW DELHI 250.00 SGTU CP/B/788   615.53 I 09 L FA1374 14/09/2015   28/01/2015 Books
    Dewey Decimal Classification     AYURVEDA SGT FA-FP Library SGT FA-FP Library 14/09/2015 CHAUKHAMBHA PUB. NEW DELHI 250.00 SGTU CP/B/788   615.53 I 09 L FA1375 14/09/2015   28/01/2015 Books